Renters' Rights Bill 2024-25 (HC Bill 8) (Record no. 121996)

MARC details
000 -LEADER
fixed length control field 01378nam a22002297a 4500
008 - FIXED-LENGTH DATA ELEMENTS--GENERAL INFORMATION
fixed length control field 240912e20240912xxk|||||ol|||o00| 0 eng d
041 ## - LANGUAGE CODE
Language code of text/sound track or separate title eng
245 ## - TITLE STATEMENT
Title Renters' Rights Bill 2024-25 (HC Bill 8)
Medium [Online publication]
260 ## - PUBLICATION INFORMATION
Publisher Ministry of Housing, Communities and Local Government
Date 11 September 2024
520 ## - ABSTRACT
Abstract A Bill to make provision changing the law about rented homes, including provision abolishing fixed term assured tenancies and assured shorthold tenancies; imposing obligations on landlords and others in relation to rented homes and temporary and supported accommodation; and for connected purposes.
520 ## - ABSTRACT
Abstract The Renters (Reform) Bill from the previous Government did not progress due to the July 2024 election, this Renters' Rights Bill is seen as its successor.
520 ## - ABSTRACT
Abstract Note added 11 September 2024: See the Renters' Rights Bill presented 11 September 2024 by the new Government.
650 ## - KEYWORDS
Keywords ASSURED SHORTHOLD TENANCIES
650 ## - KEYWORDS
Keywords HOUSING ACT 1988
650 ## - KEYWORDS
Keywords LANDLORD AND TENANT
651 ## - SUBJECT ADDED ENTRY--GEOGRAPHIC NAME
Geographic name United Kingdom
690 ## - BROAD SUBJECT
9 (RLIN) 6252
Broad subject Landlord and tenant
690 ## - BROAD SUBJECT
9 (RLIN) 6266
Broad subject Residential property
856 ## - ONLINE RESOURCE
Uniform Resource Identifier <a href="https://bills.parliament.uk/bills/3764">https://bills.parliament.uk/bills/3764</a>
Public note Available on Parliament Bills site
856 ## - ONLINE RESOURCE
Uniform Resource Identifier <a href="https://publications.parliament.uk/pa/bills/cbill/59-01/0008/en/240008en.pdf">https://publications.parliament.uk/pa/bills/cbill/59-01/0008/en/240008en.pdf</a>
Public note See explanatory notes to the Bill
942 ## - ADDED ENTRY ELEMENTS (KOHA)
Suppress in OPAC Do not suppress in OPAC
Holdings
Lost status Damaged status Not for loan Home library Current library Shelving location Date acquired Total Checkouts Full call number Date last seen Price effective from Koha item type
      Virtual Virtual Online 12/09/2024   LEGISLATION 12/09/2024 12/09/2024 Online material